O'Brien v Harwood (VO) (Record no. 73562)

MARC details
000 -LEADER
fixed length control field 01204cam a2200241 4500
001 - CONTROL NUMBER
control field ABS67201
008 - FIXED-LENGTH DATA ELEMENTS--GENERAL INFORMATION
fixed length control field 031007n2003 000 0 eng u
035 ## - SYSTEM CONTROL NUMBER
System control number (Sirsi) u123858
245 ## - TITLE STATEMENT
Title O'Brien v Harwood (VO)
260 ## - PUBLICATION, DISTRIBUTION, ETC.
Date of publication, distribution, etc. 2003
490 ## - SERIES STATEMENT
Series statement Rating Appeals
Volume/sequential designation [2003] RA 244-259(8)
520 ## - SUMMARY, ETC.
Summary, etc. RA/22/2002, 5 June 2003. LT upheld VO's assessment of advertising rights. The ratepayer (O')'s valuation based on receipts was rejected as unreliable and he failed to establish that the assessment was out of line with the tone of the list for nearby advertising rights. After considering all the relevant evidence in the form of rents and assessments, O failed to establish the burden of proof that the valuation tribunal's assessment was wrong. View decision at www.courtservice.gov.uk.
590 ## - LOCAL NOTE (RLIN)
Local note ABS
650 ## - SUBJECT ADDED ENTRY--TOPICAL TERM
Topical term or geographic name entry element O'BRIEN V HARWOOD (VO)
650 ## - SUBJECT ADDED ENTRY--TOPICAL TERM
Topical term or geographic name entry element RATING APPEALS
650 ## - SUBJECT ADDED ENTRY--TOPICAL TERM
Topical term or geographic name entry element RATING ASSESSMENT
650 ## - SUBJECT ADDED ENTRY--TOPICAL TERM
Topical term or geographic name entry element ADVERTISING RIGHTS
650 ## - SUBJECT ADDED ENTRY--TOPICAL TERM
Topical term or geographic name entry element COMPARABLES
650 ## - SUBJECT ADDED ENTRY--TOPICAL TERM
Topical term or geographic name entry element RATEABLE VALUE
690 ## - LOCAL SUBJECT ADDED ENTRY--TOPICAL TERM (OCLC, RLIN)
Topical term or geographic name as entry element RATING AND LOCAL TAXATION-CASE LAW
856 ## - ELECTRONIC LOCATION AND ACCESS
Uniform Resource Identifier <a href="https://www.courtservice.gov.uk/tribunals/lands/decisions/ra-22-2002.htm">https://www.courtservice.gov.uk/tribunals/lands/decisions/ra-22-2002.htm</a>
Public note View decision on the Court Service website...
942 ## - ADDED ENTRY ELEMENTS (KOHA)
Suppress in OPAC 0
Holdings
Withdrawn status Lost status Source of classification or shelving scheme Damaged status Not for loan Home library Current library Shelving location Date acquired Total Checkouts Full call number Barcode Date last seen Copy number Price effective from Koha item type
    Dewey Decimal Classification     London London Journal article 07/10/2003   ABS67201 123858-1001 06/08/2019 1 06/08/2019 Law report